000 00857 a2200229 4500
010 _aENG-89077
020 _a8124603103
_c500.00
035 1 4 _aEN-72610
037 1 _bDBAD / PUB
082 1 4 _a181.45
090 _c10187
_d10187
100 _aNarayana Prasad, Muni
245 1 _aLife's pilgrimage through the Gita :
_cby Swami Muni Narayana Prasad
_ba commentary on the Bhagavad Gita /
260 _aNew Delhi
_bD.K. Printworld
_c2005
270 _mdkprintworld@vsnl.net
_a`Sri Kunj', F-32, Bali Nagar,
_bNew Delhi
_e110 015
300 _ax, 580p.
_c23 cm ( Hb)
490 _aRediscovering Indian Literary Classics; no. 14
500 _aIncludes bibliographical references and index
650 _aBhagavadgita
942 _adpl
_cEN
_k181.45 / NAR
999 _c9947
_d9947